[Event "Frankfurt-chA"]
[Site "Frankfurt"]
[Date "2018.05.28"]
[Round "4"]
[White "Ottenburg, Ralph"]
[Black "Minor, Samuel"]
[Result "0-1"]
[WhiteElo "1859"]
[BlackElo "2225"]
[PlyCount "66"]
[EventDate "2018.04.30"]
[EventType "swiss"]
[EventRounds "7"]
[EventCountry "GER"]
[SourceTitle "EXT 2019"]
[Source "ChessBase"]
[SourceDate "2018.10.10"]
[SourceVersion "1"]
[SourceVersionDate "2018.10.10"]
[SourceQuality "1"]

1. e4 e6 2. d4 d5 3. e5 c5 4. c3 Qb6 5. Nf3 Nc6 6. Be2 Nh6 7. 0-0 cxd4 8. cxd4 Nf5 9. Bd3 Nfxd4 10. Nxd4 Qxd4 11. Re1 Bd7 12. Nc3 Nxe5 13. Rxe5 Qxe5 14. Nb5 Bc5 15. Bd2 a6 16. Nc3 0-0 17. Qf3 Qf6 18. Qg3 Bc6 19. Bg5 Bxf2+ 20. Qxf2 Qxg5 21. Re1 e5 22. h4 Qf6 23. Qg3 e4 24. Bb1 Rae8 25. h5 Qe5 26. Qg4 f5 27. Qh3 f4 28. h6 Re7 29. Qh4 Qf6 30. Qf2 Qxh6 31. Qc5 Re5 32. Nxe4 Rxe4 33. Bxe4 dxe4 0-1

[Event "Frankfurt-chA"]
[Site "Frankfurt"]
[Date "2018.05.07"]
[Round "2"]
[White "Schmidt, Markus"]
[Black "Ottenburg, Ralph"]
[Result "1/2-1/2"]
[WhiteElo "2034"]
[BlackElo "1859"]
[PlyCount "86"]
[EventDate "2018.04.30"]
[EventType "swiss"]
[EventRounds "7"]
[EventCountry "GER"]
[SourceTitle "EXT 2019"]
[Source "ChessBase"]
[SourceDate "2018.10.10"]
[SourceVersion "1"]
[SourceVersionDate "2018.10.10"]
[SourceQuality "1"]

1. c4 Nf6 2. g3 g6 3. Bg2 Bg7 4. Nc3 0-0 5. Nf3 d6 6. 0-0 Nc6 7. d4 a6 8. Bf4 Rb8 9. Rc1 h6 10. h3 g5 11. Be3 g4 12. hxg4 Nxg4 13. Qd2 Nxe3 14. Qxe3 e5 15. dxe5 Nxe5 16. Nxe5 dxe5 17. Rfd1 Qg5 18. Qxg5 hxg5 19. c5 Bg4 20. Kf1 Be6 21. Bd5 Bh3+ 22. Kg1 c6 23. Bc4 Bf5 24. e4 Bg4 25. Be2 Bxe2 26. Nxe2 Rfd8 27. g4 Kf8 28. Kf1 Ke8 29. Ng3 Bf8 30. b4 a5 31. a3 axb4 32. axb4 b6 33. Rxd8+ Kxd8 34. cxb6 Rxb6 35. Nf5 Bxb4 36. Rb1 Bc5 37. Rxb6 Bxb6 38. Nd6 f6 39. Ke2 Kd7 40. Nf5 Bc5 41. f3 Bd4 42. Kd3 c5 43. Kc4 Ke6 1/2-1/2

[Event "Eschborn op"]
[Site "Eschborn"]
[Date "2017.10.15"]
[Round "5"]
[White "Karsay, Pascal"]
[Black "Ottenburg, Ralph"]
[Result "1-0"]
[WhiteElo "2120"]
[BlackElo "1873"]
[PlyCount "85"]
[EventDate "2017.10.13"]
[EventType "swiss"]
[EventRounds "5"]
[EventCountry "GER"]
[SourceTitle "EXT 2019"]
[Source "ChessBase"]
[SourceDate "2018.10.10"]
[SourceVersion "1"]
[SourceVersionDate "2018.10.10"]
[SourceQuality "1"]

1. e4 e5 2. Nf3 Nc6 3. Bb5 a6 4. Ba4 Nf6 5. 0-0 Be7 6. Re1 b5 7. Bb3 0-0 8. h3 Bb7 9. d3 d6 10. c3 Na5 11. Bc2 c5 12. Nbd2 Nc6 13. Nf1 Re8 14. Ng3 g6 15. Bh6 Bf8 16. Qd2 Bg7 17. d4 Qc7 18. Bxg7 Kxg7 19. Rad1 Rad8 20. Re3 Kh8 21. Rd3 exd4 22. cxd4 Nb4 23. Re3 Nxc2 24. Qxc2 c4 25. Rde1 Qd7 26. d5 Kg8 27. Qd2 Qc7 28. Nd4 Nd7 29. Rf3 Ne5 30. Rf6 Qe7 31. Nh5 gxh5 32. Qg5+ Ng6 33. Nf5 Qf8 34. Nh6+ Kg7 35. Re3 Rd7 36. f4 Bxd5 37. exd5 Rxe3 38. Nf5+ Kh8 39. Nxe3 Qg8 40. Nf5 Ne7 41. Nxd6 Ng6 42. Qxh5 Nxf4 43. Rxf4 1-0

[Event "Eschborn op"]
[Site "Eschborn"]
[Date "2017.10.14"]
[Round "1"]
[White "Goodwin, David"]
[Black "Ottenburg, Ralph"]
[Result "0-1"]
[WhiteElo "1440"]
[BlackElo "1873"]
[PlyCount "76"]
[EventDate "2017.10.13"]
[EventType "swiss"]
[EventRounds "5"]
[EventCountry "GER"]
[SourceTitle "EXT 2019"]
[Source "ChessBase"]
[SourceDate "2018.10.10"]
[SourceVersion "1"]
[SourceVersionDate "2018.10.10"]
[SourceQuality "1"]

1. Nf3 Nf6 2. g3 g6 3. Bg2 Bg7 4. d3 d5 5. 0-0 0-0 6. Nbd2 c5 7. c4 Nc6 8. a3 e6 9. Rb1 Qe7 10. Re1 Rd8 11. Qc2 Bd7 12. e4 dxe4 13. dxe4 e5 14. Nb3 Be6 15. Ng5 Nd4 16. Nxd4 cxd4 17. Nxe6 Qxe6 18. Bg5 Rac8 19. b3 Rd7 20. Bxf6 Bxf6 21. Qd3 Be7 22. a4 Bb4 23. Rf1 Rc5 24. f4 a6 25. f5 Qd6 26. h4 Rdc7 27. Qf3 b5 28. axb5 axb5 29. Ra1 Qd8 30. fxg6 hxg6 31. h5 Qg5 32. Ra8+ Kg7 33. hxg6 Qxg6 34. Rb8 Bd2 35. Rxb5 Be3+ 36. Kh2 Rxb5 37. cxb5 Qh6+ 38. Bh3 Rc2+ 0-1

[Event "Frankfurt-chA"]
[Site "Frankfurt"]
[Date "2017.06.12"]
[Round "7"]
[White "Ottenburg, Ralph"]
[Black "Koch, Markus"]
[Result "1/2-1/2"]
[WhiteElo "1833"]
[BlackElo "2066"]
[PlyCount "30"]
[EventDate "2017.04.24"]
[EventType "swiss"]
[EventRounds "7"]
[EventCountry "GER"]
[SourceTitle "EXT 2018"]
[Source "ChessBase"]
[SourceDate "2017.10.13"]
[SourceVersion "1"]
[SourceVersionDate "2017.10.13"]
[SourceQuality "1"]

1. d4 d5 2. Nf3 Nf6 3. g3 c6 4. Bg2 Nbd7 5. 0-0 e6 6. b3 Be7 7. Bb2 0-0 8. c4 b6 9. Nc3 Ba6 10. Nd2 Rc8 11. e4 c5 12. exd5 cxd4 13. dxe6 fxe6 14. Nb5 Bxb5 15. cxb5 e5 1/2-1/2

[Event "Frankfurt-chA"]
[Site "Frankfurt"]
[Date "2017.05.15"]
[Round "4"]
[White "Bennedik, Martin"]
[Black "Ottenburg, Ralph"]
[Result "1-0"]
[WhiteElo "2003"]
[BlackElo "1833"]
[PlyCount "129"]
[EventDate "2017.04.24"]
[EventType "swiss"]
[EventRounds "7"]
[EventCountry "GER"]
[SourceTitle "EXT 2018"]
[Source "ChessBase"]
[SourceDate "2017.10.13"]
[SourceVersion "1"]
[SourceVersionDate "2017.10.13"]
[SourceQuality "1"]

1. e4 e5 2. Nf3 Nc6 3. Bb5 a6 4. Ba4 Nf6 5. 0-0 Be7 6. Re1 b5 7. Bb3 0-0 8. d3 d6 9. a4 Bb7 10. axb5 axb5 11. Rxa8 Bxa8 12. Nbd2 Na5 13. Ba2 Nc6 14. Nf1 h6 15. Ng3 Re8 16. c3 Qd7 17. Nf5 Bf8 18. N3h4 Ne7 19. Qf3 Nxf5 20. Nxf5 Kh7 21. Nxh6 d5 22. exd5 e4 23. dxe4 Bxd5 24. Bxd5 Qxd5 25. Qf5+ Qxf5 26. Nxf5 Rxe4 27. Rxe4 Nxe4 28. Bf4 c6 29. Be3 c5 30. f3 Nf6 31. Bf4 g6 32. Bd6 Bxd6 33. Nxd6 b4 34. Nxf7 b3 35. Ng5+ Kh6 36. Ne4 Nd5 37. Nxc5 Nxc3 38. Nxb3 Na4 39. Kf2 Nxb2 40. Ke3 Nc4+ 41. Ke4 Kg5 42. g3 Nd6+ 43. Ke3 Nf5+ 44. Kf2 Nd6 45. Nd4 Nc4 46. h3 Kf6 47. h4 Ke5 48. Nc2 Kf6 49. f4 Nd6 50. Kf3 Nf7 51. Ne3 Nd6 52. g4 Nf7 53. g5+ Ke6 54. Kg4 Nd6 55. h5 gxh5+ 56. Kxh5 Kf7 57. Kg4 Kg8 58. f5 Kf7 59. Nd5 Kg7 60. f6+ Kg6 61. Nf4+ Kf7 62. Ng2 Kg6 63. Nh4+ Kf7 64. Kf4 Ne8 65. Ke5 1-0

[Event "Frankfurt-chA"]
[Site "Frankfurt"]
[Date "2017.05.08"]
[Round "3"]
[White "Ottenburg, Ralph"]
[Black "Koch, Thomas"]
[Result "1-0"]
[WhiteElo "1833"]
[BlackElo "1662"]
[PlyCount "81"]
[EventDate "2017.04.24"]
[EventType "swiss"]
[EventRounds "7"]
[EventCountry "GER"]
[SourceTitle "EXT 2018"]
[Source "ChessBase"]
[SourceDate "2017.10.13"]
[SourceVersion "1"]
[SourceVersionDate "2017.10.13"]
[SourceQuality "1"]

1. d4 e6 2. Nf3 Nf6 3. g3 d5 4. Bg2 c5 5. c3 Nc6 6. 0-0 Bd7 7. a3 cxd4 8. cxd4 Be7 9. Nc3 a6 10. Ne5 0-0 11. e4 dxe4 12. Nxe4 Nxe5 13. dxe5 Nd5 14. Re1 Bc6 15. Qg4 Kh8 16. Qh5 Qe8 17. Bg5 f6 18. Qxe8 Raxe8 19. exf6 gxf6 20. Bd2 Nc7 21. Rac1 Kg8 22. Nc5 Bxg2 23. Kxg2 Bxc5 24. Rxc5 Nd5 25. Bh6 b6 26. Rc6 Rc8 27. Rexe6 Rfd8 28. Rxc8 Rxc8 29. Rd6 Rc5 30. b4 Rb5 31. Bd2 Ne7 32. Rxf6 Rd5 33. Bh6 Ng6 34. Rxb6 a5 35. b5 Rd3 36. Ra6 Rxa3 37. Ra8+ Kf7 38. Ra7+ Ke6 39. b6 Rb3 40. Be3 Rb5 41. Rxh7 1-0

[Event "Frankfurt-chA"]
[Site "Frankfurt"]
[Date "2017.05.02"]
[Round "2"]
[White "Rondonuwu, Grover"]
[Black "Ottenburg, Ralph"]
[Result "1-0"]
[WhiteElo "2036"]
[BlackElo "1833"]
[PlyCount "73"]
[EventDate "2017.04.24"]
[EventType "swiss"]
[EventRounds "7"]
[EventCountry "GER"]
[SourceTitle "EXT 2018"]
[Source "ChessBase"]
[SourceDate "2017.10.13"]
[SourceVersion "1"]
[SourceVersionDate "2017.10.13"]
[SourceQuality "1"]

1. d4 Nf6 2. Nf3 g6 3. Bf4 Bg7 4. e3 0-0 5. Be2 d6 6. 0-0 c5 7. c3 Qb6 8. b3 Nh5 9. Bg5 e5 10. Nbd2 Qc7 11. Rc1 Nc6 12. dxc5 dxc5 13. Ne4 h6 14. Bh4 f5 15. Bc4+ Kh7 16. Nxc5 Nf6 17. Bxf6 Rxf6 18. b4 b6 19. Nb3 f4 20. exf4 Bg4 21. Be2 Rxf4 22. Nfd2 Be6 23. g3 Rf7 24. Bf3 Rd8 25. Qe2 Ne7 26. c4 h5 27. Be4 Bg4 28. f3 Bh3 29. Rfd1 Bh6 30. Rc3 Nf5 31. Nf1 Bxf1 32. Rxf1 Nd4 33. Nxd4 exd4 34. Rc2 Re7 35. Qd3 Rg7 36. Kg2 Be3 37. c5 1-0

[Event "Frankfurt-chA"]
[Site "Frankfurt"]
[Date "2012.06.11"]
[Round "6"]
[White "Ottenburg, Ralph"]
[Black "Wagner, Dirk"]
[Result "1/2-1/2"]
[WhiteElo "1858"]
[BlackElo "1922"]
[PlyCount "59"]
[EventDate "2012.04.30"]
[EventType "swiss"]
[EventRounds "7"]
[EventCountry "GER"]
[SourceTitle "EXT 2013"]
[Source "ChessBase"]
[SourceDate "2012.11.22"]
[SourceVersion "1"]
[SourceVersionDate "2012.11.22"]
[SourceQuality "1"]

1. d4 Nf6 2. c4 g6 3. g3 Bg7 4. Bg2 0-0 5. Nc3 d6 6. Nf3 Nc6 7. 0-0 a6 8. Qd3 Bg4 9. d5 Bxf3 10. exf3 Ne5 11. Qe2 Rb8 12. f4 Ned7 13. Be3 Re8 14. Ba7 Rc8 15. Bd4 c5 16. Be3 Rb8 17. Rad1 b5 18. cxb5 axb5 19. Nxb5 Qa5 20. Nc3 Qb4 21. Bc1 c4 22. f5 Nc5 23. fxg6 hxg6 24. Rd2 Nd3 25. Rc2 Nd7 26. h4 Nf6 27. Bf3 e6 28. dxe6 Rxe6 29. Qd2 Qc5 30. Be2 1/2-1/2

[Event "Frankfurt-chA"]
[Site "Frankfurt"]
[Date "2012.06.04"]
[Round "5"]
[White "Becker, Karl Heinz"]
[Black "Ottenburg, Ralph"]
[Result "0-1"]
[WhiteElo "1652"]
[BlackElo "1858"]
[PlyCount "62"]
[EventDate "2012.04.30"]
[EventType "swiss"]
[EventRounds "7"]
[EventCountry "GER"]
[SourceTitle "EXT 2013"]
[Source "ChessBase"]
[SourceDate "2012.11.22"]
[SourceVersion "1"]
[SourceVersionDate "2012.11.22"]
[SourceQuality "1"]

1. Nf3 Nf6 2. g3 d5 3. Bg2 c5 4. 0-0 e6 5. d3 Be7 6. Nbd2 0-0 7. e4 Nc6 8. c3 b6 9. Re1 Qc7 10. e5 Nd7 11. d4 cxd4 12. Nxd4 Ncxe5 13. N2f3 Nxf3+ 14. Nxf3 Ba6 15. Bf4 Bd6 16. Bxd6 Qxd6 17. Qd4 Rac8 18. Rad1 b5 19. Bf1 Nb6 20. b3 Nd7 21. c4 bxc4 22. bxc4 Qb6 23. cxd5 Bxf1 24. Rxf1 exd5 25. Qxd5 Nf6 26. Qd4 Qa6 27. Rd2 h6 28. Qd3 Qa5 29. Rfd1 Rc3 30. Qe2 Re8 31. Qxe8+ Nxe8 0-1

[Event "Frankfurt-chA"]
[Site "Frankfurt"]
[Date "2012.05.31"]
[Round "4"]
[White "Ottenburg, Ralph"]
[Black "Koch, Thomas2222"]
[Result "1/2-1/2"]
[WhiteElo "1858"]
[BlackElo "1669"]
[PlyCount "30"]
[EventDate "2012.04.30"]
[EventType "swiss"]
[EventRounds "7"]
[EventCountry "GER"]
[SourceTitle "EXT 2013"]
[Source "ChessBase"]
[SourceDate "2012.11.22"]
[SourceVersion "1"]
[SourceVersionDate "2012.11.22"]
[SourceQuality "1"]

1. d4 f5 2. g3 Nf6 3. Bg2 g6 4. Nf3 Bg7 5. 0-0 0-0 6. b3 d6 7. Bb2 Qe8 8. c4 c6 9. Qc2 Ne4 10. Nc3 Nxc3 11. Bxc3 Nd7 12. e4 Nf6 13. e5 Ne4 14. exd6 exd6 15. Rae1 Qf7 1/2-1/2

[Event "Frankfurt-chA"]
[Site "Frankfurt"]
[Date "2012.05.14"]
[Round "3"]
[White "Partzsch, Lukas"]
[Black "Ottenburg, Ralph"]
[Result "1-0"]
[WhiteElo "2122"]
[BlackElo "1858"]
[PlyCount "83"]
[EventDate "2012.04.30"]
[EventType "swiss"]
[EventRounds "7"]
[EventCountry "GER"]
[SourceTitle "EXT 2013"]
[Source "ChessBase"]
[SourceDate "2012.11.22"]
[SourceVersion "1"]
[SourceVersionDate "2012.11.22"]
[SourceQuality "1"]

1. d4 d5 2. c4 e6 3. Nc3 Nf6 4. Bg5 Be7 5. e3 h6 6. Bh4 0-0 7. Nf3 b6 8. cxd5 Nxd5 9. Bxe7 Qxe7 10. Nxd5 exd5 11. Be2 Be6 12. Qa4 c5 13. Qa3 Qb7 14. dxc5 bxc5 15. 0-0 Nd7 16. Ba6 Qb6 17. b3 Bg4 18. Be2 a5 19. Rfd1 Be6 20. Ne1 a4 21. bxa4 c4 22. Bf3 Qc6 23. Qc3 Rxa4 24. Nc2 Nf6 25. a3 Rfa8 26. Nb4 Qc5 27. Rd2 Qa5 28. Rda2 Bf5 29. Bd1 Ne4 30. Qe1 c3 31. Bxa4 Qxa4 32. f3 Nd2 33. Nxd5 Nb3 34. Ne7+ Kh8 35. Nxf5 Nxa1 36. Rxa1 Qb5 37. Nd4 Qc5 38. Qc1 Rd8 39. Ra2 Qc4 40. Rc2 Rxd4 41. exd4 Qxd4+ 42. Kh1 1-0

[Event "Frankfurt-chA"]
[Site "Frankfurt"]
[Date "2012.04.30"]
[Round "1"]
[White "Crnjac, Zdravko"]
[Black "Ottenburg, Ralph"]
[Result "0-1"]
[WhiteElo "1468"]
[BlackElo "1858"]
[PlyCount "81"]
[EventDate "2012.04.30"]
[EventType "swiss"]
[EventRounds "7"]
[EventCountry "GER"]
[SourceTitle "EXT 2013"]
[Source "ChessBase"]
[SourceDate "2012.11.22"]
[SourceVersion "1"]
[SourceVersionDate "2012.11.22"]
[SourceQuality "1"]

1. e4 c6 2. d4 d5 3. e5 Bf5 4. h4 h5 5. Be3 e6 6. Be2 Bg6 7. Nh3 Qb6 8. Qc1 c5 9. c3 Nc6 10. dxc5 Bxc5 11. Bxc5 Qxc5 12. Nf4 Nxe5 13. Nxg6 Nxg6 14. Qg5 Nf6 15. Nd2 Qd6 16. 0-0-0 Qf4 17. Bb5+ Ke7 18. f3 a6 19. Ba4 Qxa4 20. Qe3 Rhc8 21. Kb1 Kf8 22. Nb3 Qf4 23. Qb6 Qc7 24. Qe3 b5 25. g4 Qf4 26. Qxf4 Nxf4 27. g5 Nd7 28. Nd4 Nc5 29. Rhg1 g6 30. Rd2 e5 31. Nc2 e4 32. fxe4 dxe4 33. Rf1 Rd8 34. Rdf2 Nce6 35. Ne3 Rd7 36. Kc2 Rad8 37. a3 a5 38. Rxf4 Nxf4 39. Rxf4 Rd2+ 40. Kb1 Re2 41. c4 0-1

[Event "Frankfurt-ch"]
[Site "Frankfurt"]
[Date "2011.06.14"]
[Round "7"]
[White "Richter, Tobias"]
[Black "Ottenburg, Ralph"]
[Result "1-0"]
[WhiteElo "2099"]
[BlackElo "1950"]
[PlyCount "75"]
[EventDate "2011.05.02"]
[EventType "swiss"]
[EventRounds "7"]
[EventCountry "GER"]
[SourceTitle "EXT 2012"]
[Source "ChessBase"]
[SourceDate "2011.11.24"]
[SourceVersion "1"]
[SourceVersionDate "2011.11.24"]
[SourceQuality "1"]

1. e4 e5 2. Nf3 Nc6 3. Bb5 a6 4. Ba4 Nf6 5. 0-0 Be7 6. Re1 b5 7. Bb3 d6 8. c3 0-0 9. h3 Na5 10. Bc2 c5 11. d4 Nd7 12. Nbd2 exd4 13. cxd4 cxd4 14. Nxd4 Bf6 15. N2f3 Ne5 16. Nxe5 dxe5 17. Nf3 Bb7 18. Qe2 Rc8 19. Bd3 Rc7 20. Bd2 Rd7 21. Rad1 Rxd3 22. Bxa5 Qxa5 23. Rxd3 Qxa2 24. Rd6 Bd8 25. Red1 Ba5 26. Nxe5 Bc3 27. Nd3 b4 28. e5 b3 29. Kf1 a5 30. bxc3 Qa3 31. Qb2 Qa4 32. Kg1 Qe4 33. f3 Qc4 34. Kh1 a4 35. Rd4 Qa6 36. Nc5 Qg6 37. Nxb7 Qc2 38. R4d2 1-0

[Event "Frankfurt-ch"]
[Site "Frankfurt"]
[Date "2011.06.06"]
[Round "6"]
[White "Ottenburg, Ralph"]
[Black "Riha, Peter"]
[Result "1-0"]
[WhiteElo "1950"]
[BlackElo "1806"]
[PlyCount "53"]
[EventDate "2011.05.02"]
[EventType "swiss"]
[EventRounds "7"]
[EventCountry "GER"]
[SourceTitle "EXT 2012"]
[Source "ChessBase"]
[SourceDate "2011.11.24"]
[SourceVersion "1"]
[SourceVersionDate "2011.11.24"]
[SourceQuality "1"]

1. d4 Nf6 2. Nf3 b6 3. g3 Bb7 4. Bg2 c5 5. e3 g6 6. 0-0 Bg7 7. c4 0-0 8. Nc3 d6 9. Qc2 Qc8 10. d5 Nfd7 11. Rb1 Ne5 12. Nd2 f5 13. f4 Ng4 14. Nf3 h6 15. h3 Nf6 16. Nh4 Qe8 17. e4 fxe4 18. Nxe4 Bc8 19. g4 Nbd7 20. Ng3 Kh7 21. g5 hxg5 22. fxg5 Ng8 23. Nxg6 Bd4+ 24. Kh1 Rxf1+ 25. Bxf1 Kg7 26. Nh5+ Kh7 27. Nf8+ 1-0

[Event "Frankfurt-ch"]
[Site "Frankfurt"]
[Date "2011.05.23"]
[Round "4"]
[White "Cipca, Adrian"]
[Black "Ottenburg, Ralph"]
[Result "1-0"]
[WhiteElo "1888"]
[BlackElo "1950"]
[PlyCount "120"]
[EventDate "2011.05.02"]
[EventType "swiss"]
[EventRounds "7"]
[EventCountry "GER"]
[SourceTitle "EXT 2012"]
[Source "ChessBase"]
[SourceDate "2011.11.24"]
[SourceVersion "1"]
[SourceVersionDate "2011.11.24"]
[SourceQuality "1"]

1. c4 e6 2. Nc3 d5 3. cxd5 exd5 4. Nf3 Nf6 5. g3 Be7 6. Bg2 0-0 7. 0-0 d4 8. Nb5 c5 9. d3 a6 10. Na3 Nc6 11. b3 Be6 12. Nc4 Nd5 13. Bb2 Rc8 14. a3 b5 15. Ncd2 Nc3 16. Qe1 a5 17. e3 b4 18. Nc4 dxe3 19. Qxe3 Nd4 20. Nxd4 cxd4 21. Qd2 Re8 22. Rfe1 Bf6 23. axb4 axb4 24. Ra6 Rc5 25. Rb6 Bxc4 26. Rxe8+ Qxe8 27. bxc4 Re5 28. Bf3 Bd8 29. Rb8 g6 30. Kg2 Kg7 31. Qf4 Qe7 32. Rxd8 Qxd8 33. Qxe5+ Qf6 34. Qxf6+ Kxf6 35. Be4 b3 36. f4 Ke6 37. Kf3 Kd6 38. Bd5 f6 39. Ba3+ Kc7 40. Bg8 h6 41. Bf7 g5 42. fxg5 fxg5 43. Bb2 Kd6 44. Kg4 Ke5 45. Kh5 Nd1 46. Ba3 Kf6 47. Bg6 Ne3 48. Bb2 Ke5 49. Kxh6 Ng4+ 50. Kxg5 Nxh2 51. Be4 Nf1 52. g4 Ne3 53. Kh5 Nxc4 54. Bc1 Nd6 55. Bc6 Nf7 56. Ba4 Kf6 57. Bxb3 Ne5 58. g5+ Kg7 59. Bc4 Nf3 60. Bb2 Kh7 1-0

[Event "Frankfurt-ch"]
[Site "Frankfurt"]
[Date "2011.05.09"]
[Round "2"]
[White "Lanz, Juergen"]
[Black "Ottenburg, Ralph"]
[Result "0-1"]
[WhiteElo "1564"]
[BlackElo "1950"]
[PlyCount "76"]
[EventDate "2011.05.02"]
[EventType "swiss"]
[EventRounds "7"]
[EventCountry "GER"]
[SourceTitle "EXT 2012"]
[Source "ChessBase"]
[SourceDate "2011.11.24"]
[SourceVersion "1"]
[SourceVersionDate "2011.11.24"]
[SourceQuality "1"]

1. Nf3 d5 2. d4 e6 3. c4 Nf6 4. Nc3 c6 5. Bg5 Nbd7 6. e3 Qa5 7. Qa4 Qxa4 8. Nxa4 dxc4 9. Ne5 Ne4 10. Bh4 Nxe5 11. dxe5 Bb4+ 12. Ke2 b5 13. a3 Ba5 14. f3 bxa4 15. fxe4 Rb8 16. Kf3 c3 17. bxc3 Bxc3 18. Rd1 f6 19. exf6 Rf8 20. Bc4 Bxf6 21. Bxf6 Rxf6+ 22. Kg3 Rb2 23. Rd6 Rg6+ 24. Kf3 Rgxg2 25. e5 Rgf2+ 26. Ke4 Rbd2 27. Bd3 c5 28. Bb5+ Ke7 29. Rxd2 Rxd2 30. Rc1 Bb7+ 31. Kf4 Rd5 32. e4 g5+ 33. Kxg5 Rxe5+ 34. Kh6 Bxe4 35. Bxa4 Kf6 36. Be8 Bg6 37. Bxg6 hxg6 38. Kh7 Kf7 0-1

[Event "Karl Mala Memorial op 13th"]
[Site "Frankfurt"]
[Date "2010.07.10"]
[Round "4"]
[White "Guthmann, Peter"]
[Black "Ottenburg, Ralph"]
[Result "1-0"]
[WhiteElo "2141"]
[BlackElo "1920"]
[PlyCount "91"]
[EventDate "2010.07.08"]
[EventType "swiss"]
[EventRounds "7"]
[EventCountry "GER"]
[SourceTitle "EXT 2012"]
[Source "ChessBase"]
[SourceDate "2011.11.24"]
[SourceVersion "1"]
[SourceVersionDate "2011.11.24"]
[SourceQuality "1"]

1. e4 e5 2. Nf3 Nc6 3. Bb5 a6 4. Ba4 Nf6 5. 0-0 Be7 6. Re1 b5 7. Bb3 d6 8. c3 0-0 9. h3 Na5 10. Bc2 c5 11. d4 Qc7 12. Nbd2 Nc6 13. d5 Nd8 14. Nf1 Ne8 15. g4 f6 16. Ng3 Nf7 17. a4 Rb8 18. axb5 axb5 19. b4 g6 20. Be3 Ng7 21. Nd2 f5 22. exf5 gxf5 23. Nxf5 Bxf5 24. gxf5 Kh8 25. Ra6 cxb4 26. Rc6 Qd7 27. cxb4 Nxf5 28. Qh5 Rg8+ 29. Kh2 Ng5 30. Rg1 Nxe3 31. fxe3 Rg7 32. Qg4 Qxg4 33. hxg4 Nf7 34. Bf5 Nh6 35. Be6 Rf8 36. Ne4 Rf3 37. g5 Ng8 38. Nxd6 Bxd6 39. Rxd6 Rxe3 40. Rb6 Re2+ 41. Kh3 Re3+ 42. Kh4 h5 43. Kxh5 Nf6+ 44. gxf6 Rxg1 45. Rb8+ Kh7 46. Bf5+ 1-0

[Event "IECG CA.2007.0.00189"]
[Site "IECG email"]
[Date "2007.08.17"]
[Round "?"]
[White "Ottenburg, Ralph"]
[Black "Ross, Steven"]
[Result "0-1"]
[WhiteElo "2034"]
[BlackElo "2080"]
[PlyCount "40"]
[EventDate "2007.08.17"]
[EventType "tourn (corr)"]
[EventRounds "6"]
[SourceTitle "Corr 2024"]
[Source "ChessBase"]
[SourceDate "2023.10.19"]
[SourceVersion "1"]
[SourceVersionDate "2023.10.19"]
[SourceQuality "1"]

1. Nf3 e6 2. c4 f5 3. d4 Nf6 4. Nc3 Bb4 5. Qb3 c5 6. e3 0-0 7. Bd3 Nc6 8. 0-0 b6 9. Ne2 cxd4 10. exd4 Be7 11. d5 Nb4 12. Bf4 Nxd3 13. Qxd3 Ne4 14. Rad1 Bb7 15. dxe6 Nc5 16. Qc3 Nxe6 17. Nfd4 Qe8 18. Rfe1 Rc8 19. b3 a5 20. Qg3 Rf6 0-1

[Event "IECG CA.2004.0.00136 email"]
[Site "IECG email"]
[Date "2004.09.15"]
[Round "?"]
[White "Lehnert, Ronald"]
[Black "Ottenburg, Ralph"]
[Result "1-0"]
[WhiteElo "2030"]
[BlackElo "2053"]
[PlyCount "71"]
[EventDate "2004.09.15"]
[EventType "tourn (corr)"]
[EventRounds "6"]
[SourceTitle "Corr 2008"]
[Source "ChessBase"]
[SourceDate "2008.06.24"]
[SourceVersion "1"]
[SourceVersionDate "2008.06.24"]
[SourceQuality "1"]

1. d4 Nf6 2. c4 g6 3. Nf3 Bg7 4. g3 0-0 5. Bg2 d6 6. Nc3 Nbd7 7. 0-0 e5 8. h3 c6 9. e4 Qb6 10. d5 Nc5 11. Qc2 cxd5 12. cxd5 Bd7 13. Be3 Rfc8 14. Nd2 Qa6 15. a4 Qa5 16. Rfb1 Qb4 17. a5 b5 18. axb6 axb6 19. Ra3 Na4 20. Qb3 Qxb3 21. Rxb3 Nxc3 22. bxc3 b5 23. Bf1 Ra2 24. c4 bxc4 25. Nxc4 Bf8 26. Rb7 Ba4 27. f3 Bc2 28. R1b6 Ne8 29. Rb8 Ra8 30. Rxc8 Rxc8 31. Rc6 Rc7 32. Bb6 Rb7 33. Rc8 Ba4 34. Ra8 Bd7 35. Be3 Rb3 36. Nb6 1-0

[Event "IECG CA.2003.0.00108 email"]
[Site "IECG email"]
[Date "2003.11.02"]
[Round "?"]
[White "Marin, Pablo"]
[Black "Ottenburg, Ralph"]
[Result "0-1"]
[WhiteElo "2080"]
[BlackElo "2044"]
[PlyCount "58"]
[EventDate "2003.11.02"]
[EventType "tourn (corr)"]
[EventRounds "6"]
[SourceTitle "Corr 2008"]
[Source "ChessBase"]
[SourceDate "2008.06.24"]
[SourceVersion "1"]
[SourceVersionDate "2008.06.24"]
[SourceQuality "1"]

1. c4 Nf6 2. d4 g6 3. Nc3 Bg7 4. e4 d6 5. f3 0-0 6. Be3 Nc6 7. Nge2 a6 8. Qd2 Rb8 9. g4 b5 10. h4 e5 11. d5 Na5 12. c5 Nc4 13. Qc1 c6 14. Bh6 Bxh6 15. Qxh6 Nxb2 16. Ng3 b4 17. Nd1 Nxd1 18. Rxd1 b3 19. axb3 cxd5 20. h5 Rxb3 21. Be2 Qa5+ 22. Kf1 Qa3 23. hxg6 Rxf3+ 24. Ke1 Qc3+ 25. Rd2 Qc1+ 26. Bd1 fxg6 27. Nf5 gxf5 28. gxf5 Rf4 29. Qg5+ Kh8 0-1

[Event "IECG CA.2003.0.00108 email"]
[Site "IECG email"]
[Date "2003.11.02"]
[Round "?"]
[White "Ottenburg, Ralph"]
[Black "Canizares Cuadra, Pedro"]
[Result "1-0"]
[WhiteElo "2044"]
[BlackElo "2065"]
[PlyCount "37"]
[EventDate "2003.11.02"]
[EventType "tourn (corr)"]
[EventRounds "6"]
[SourceTitle "Corr 2008"]
[Source "ChessBase"]
[SourceDate "2008.06.24"]
[SourceVersion "1"]
[SourceVersionDate "2008.06.24"]
[SourceQuality "1"]

1. e4 e5 2. Nf3 f5 3. Nxe5 Qf6 4. Nc4 fxe4 5. Nc3 Qf7 6. Ne3 c6 7. Nxe4 d5 8. Ng5 Qe7 9. Nf3 Bg4 10. d4 Nf6 11. Bd3 Nbd7 12. 0-0 Bxf3 13. Qxf3 0-0-0 14. Rb1 g6 15. b4 Qd6 16. c4 dxc4 17. Bxc4 Nb6 18. b5 Be7 19. Nf5 1-0

[Event "IECG CA.2003.0.00089 email"]
[Site "IECG email"]
[Date "2003.03.30"]
[Round "?"]
[White "Ottenburg, Ralph"]
[Black "Simon, Holger"]
[Result "1-0"]
[WhiteElo "2053"]
[BlackElo "2081"]
[PlyCount "69"]
[EventDate "2003.03.30"]
[EventType "tourn (corr)"]
[EventRounds "6"]
[SourceTitle "Corr 2008"]
[Source "ChessBase"]
[SourceDate "2008.06.24"]
[SourceVersion "1"]
[SourceVersionDate "2008.06.24"]
[SourceQuality "1"]

1. e4 e6 2. d4 d5 3. Nd2 Nf6 4. e5 Nfd7 5. f4 c5 6. c3 Nc6 7. Ndf3 cxd4 8. cxd4 Qb6 9. Ne2 f6 10. g3 Bb4+ 11. Nc3 0-0 12. a3 Be7 13. Bh3 Kh8 14. 0-0 fxe5 15. Na4 Qc7 16. fxe5 Nb6 17. Nc3 Bd7 18. Ne2 a5 19. Qd3 a4 20. Bg5 Qd8 21. Bxe7 Qxe7 22. Nf4 Nc4 23. Rf2 b5 24. Raf1 Rfc8 25. Bg4 b4 26. h4 g6 27. Ng5 Rf8 28. Nxg6+ hxg6 29. Qxg6 Rxf2 30. Rxf2 N6xe5 31. dxe5 Nxe5 32. Qh6+ Kg8 33. Bxe6+ Bxe6 34. Nxe6 bxa3 35. Rf6 1-0